000 01617nem0a2200337 4500
001 RU\NLR\cart\7227
005 20250617204814.0
010 _a978-5-9562-0071-1
035 _a(NLR Aleph) 004277332
090 _a2328731
_c2328731
100 _a20120322d2008 |||y0rusy50 ca
101 0 _arus
102 _aRU
120 _abyy xx||
123 1 _aa
_b4 000 000
200 1 _aГидрографическое районирование территории Российской Федерации
_bКарты
_eАльбом карт-схем с нанесением на них границами гидрографических единиц и опорными точками на этих границах
_fАвт.-сост.: Сергей Евстафьевич Беднарук [и др.]
205 _aКн. 2
206 _a1:4 000 000, 40 км в 1 см
210 _aМосква
_cНИА-Природа
_d2008
215 _a1 атл. (28 с.)
_cцв., сб. л.
_d30х43 см
300 _aПрил. N 2 к приказу Росводресурсов от 5 сентября 2007 г. N 173
300 _aВ надзаг.: Федер. агентство водных ресурсов
509 0 1 _7ca
_aРоссийская Федерация
_92633320
_3RU\NLR\auth_crt\55137
606 0 _aГидрографические
_92178465
_3RU\NLR\auth_crt\66330
620 _aРоссия
702 1 _aБеднарук
_bСергей Евстафьевич
_4070
801 0 _aRU
_bNLR
_c20120322
_gPSBO
852 _aNLR
_bК
_j4-Союз 7/4488
_m09-256
_t09-256а
942 _cMAP
980 _aNB